[Event "Santa Catarina State-ch 62nd"]
[Site "Concordia"]
[Date "2018.02.25"]
[Round "7"]
[White "Maldaner, Matheus Atie Rizzo"]
[Black "Lazzarin, Luiz Henrique"]
[Result "0-1"]
[WhiteElo "1752"]
[BlackElo "1506"]
[PlyCount "60"]
[EventDate "2018.02.22"]
[EventType "swiss"]
[EventRounds "7"]
[EventCountry "BRA"]
[SourceTitle "CBM 183 Extra"]
[Source "ChessBase"]
[SourceDate "2018.04.19"]
[SourceVersion "1"]
[SourceVersionDate "2018.04.19"]
[SourceQuality "1"]

1. d4 d5 2. Bf4 Nc6 3. e3 Nf6 4. h3 a6 5. Nf3 Bf5 6. Nbd2 Nb4 7. Rc1 Nxa2 8. Ra1 Nb4 9. Rc1 Rc8 10. c3 Nd3+ 11. Bxd3 Bxd3 12. Ne5 Bb5 13. g4 h6 14. Ndf3 Ne4 15. h4 e6 16. Nd2 Nxd2 17. Kxd2 Bd6 18. Qf3 Qf6 19. g5 Qf5 20. Rhg1 Bxe5 21. dxe5 h5 22. Rce1 Qd3+ 23. Kc1 c5 24. Rd1 Qe2 25. Qxe2 Bxe2 26. Rd2 Bg4 27. Kb1 Ke7 28. Rf1 Bf3 29. Rg1 b5 30. g6 Be4+ 0-1

[Event "Santa Catarina op"]
[Site "Icara"]
[Date "2017.07.02"]
[Round "7"]
[White "Maldaner, Matheus Atie Rizzo"]
[Black "Schlickmann, Henrique"]
[Result "0-1"]
[WhiteElo "1756"]
[BlackElo "1533"]
[PlyCount "66"]
[EventDate "2017.06.29"]
[EventType "swiss"]
[EventRounds "7"]
[EventCountry "BRA"]
[SourceTitle "CBM 179 Extra"]
[Source "ChessBase"]
[SourceDate "2017.08.23"]
[SourceVersion "1"]
[SourceVersionDate "2017.08.23"]
[SourceQuality "1"]

1. e4 e6 2. d3 d5 3. Nd2 c5 4. Ngf3 Nf6 5. g3 Nc6 6. Bg2 d4 7. 0-0 e5 8. Nc4 Qc7 9. Ne1 b5 10. Na3 Rb8 11. f4 Bg4 12. Nf3 exf4 13. Bxf4 Bd6 14. Bxd6 Qxd6 15. Re1 Ne5 16. Qe2 0-0 17. Qf2 Bxf3 18. Bxf3 Nfd7 19. Nb1 a5 20. Nd2 Rfc8 21. Rad1 c4 22. Nb1 cxd3 23. cxd3 Rc5 24. Rf1 Rbc8 25. Rd2 Rc1 26. Na3 Nxf3+ 27. Qxf3 Ne5 28. Qf2 Qd7 29. Nc2 Nxd3 30. Rxd3 R1xc2 31. Qxd4 Qxd4+ 32. Rxd4 Rxb2 33. Rd7 Rxa2 0-1

[Event "Santa Catarina op"]
[Site "Icara"]
[Date "2017.07.02"]
[Round "6"]
[White "Woichinevski, Joao Vinicius Peruc"]
[Black "Maldaner, Matheus Atie Rizzo"]
[Result "1/2-1/2"]
[WhiteElo "1817"]
[BlackElo "1756"]
[PlyCount "35"]
[EventDate "2017.06.29"]
[EventType "swiss"]
[EventRounds "7"]
[EventCountry "BRA"]
[SourceTitle "CBM 179 Extra"]
[Source "ChessBase"]
[SourceDate "2017.08.23"]
[SourceVersion "1"]
[SourceVersionDate "2017.08.23"]
[SourceQuality "1"]

1. e4 c5 2. Nc3 a6 3. Nge2 Nc6 4. d4 cxd4 5. Nxd4 Nf6 6. f3 d6 7. Nxc6 bxc6 8. Bc4 e6 9. Bg5 Be7 10. 0-0 Rb8 11. Bb3 0-0 12. Bf4 Qc7 13. Qe2 Rd8 14. Rad1 Nh5 15. Be3 Nf6 16. Bf4 Nh5 17. Be3 Nf6 18. Bf4 1/2-1/2

[Event "Santa Catarina op"]
[Site "Icara"]
[Date "2017.06.30"]
[Round "3"]
[White "Maldaner, Matheus Atie Rizzo"]
[Black "Da Silva, Joao Carlos Orguim"]
[Result "0-1"]
[WhiteElo "1756"]
[BlackElo "1774"]
[PlyCount "60"]
[EventDate "2017.06.29"]
[EventType "swiss"]
[EventRounds "7"]
[EventCountry "BRA"]
[SourceTitle "CBM 179 Extra"]
[Source "ChessBase"]
[SourceDate "2017.08.23"]
[SourceVersion "1"]
[SourceVersionDate "2017.08.23"]
[SourceQuality "1"]

1. e4 c5 2. Nf3 Nc6 3. d4 cxd4 4. Nxd4 g6 5. Nc3 Bg7 6. Be3 Nf6 7. Bc4 Qa5 8. Qd2 Nxe4 9. Qd3 f5 10. 0-0-0 Ne5 11. Qe2 Nxc3 12. bxc3 Qxc3 13. Bb3 a6 14. h3 b5 15. Kb1 Nc4 16. Bc1 Bxd4 17. Rxd4 Qxd4 18. Re1 e6 19. Qf3 Rb8 20. Rd1 Qb6 21. Qc3 Rg8 22. Ka1 d5 23. Bxc4 bxc4 24. Bg5 Rb7 25. Qe5 Qc7 26. Qe3 Qg7+ 27. c3 Kf7 28. Rd4 Re8 29. Bf4 e5 30. Bh6 exd4 0-1